Miasta województwa śląskiego II RP z mapą - Statystyki

Ogólne statystyki
  • Ten quiz został rozwiązany 29 razy
  • Średni wynik to 11 z 17
Odpowiedzi na mapie
Odpowiedzi zakodowano w zielono-czerwonej skali na mapie do tego quizu, zgodnie z poniższymi procentami.
 
Statystyki odpowiedzi
Miasto % Poprawnych
Katowice
100%
Królewska Huta
86%
Bielsko
82%
Rybnik
82%
Mysłowice
79%
Cieszyn
75%
Pszczyna
75%
Mikołów
68%
Tarnowskie Góry
64%
Żory
64%
Wodzisław
61%
Bieruń Stary
57%
Skoczów
54%
Lubliniec
46%
Miasteczko
36%
Strumień
32%
Woźniki
18%
Nie znaleziono quizów pasujących do podanych kryteriów
Rozkład punktacji
Procent ludzi z każdym wynikiem
Percentyl według liczby udzielonych odpowiedzi
Twoja historia wyników
Nie rozwiązałeś tego quizu